Los últimos tres minutos: conjeturas acerca del destino final del Universo

Պահպանված է:
Մատենագիտական մանրամասներ
Հիմնական հեղինակ: Davies, Paul (Հեղինակ)
Ձևաչափ: Գիրք
Լեզու:իսպաներեն
Հրապարակվել է: Madrid Debate 2001
Շարք:Pensamiento
Խորագրեր:
Ցուցիչներ: Ավելացրեք ցուցիչ
Չկան պիտակներ, Եղեք առաջինը, ով նշում է այս գրառումը!

MARC

LEADER 00000nam a2200000 a 4500
001 UCN7322
003 CL-VaPUC
008 011018e20010600SP |||||||||||||||||spa|d
082 0 4 |a 523.19  |b DAV  |2 21 
100 0 |a Davies, Paul  |e author  |9 463226 
245 1 4 |a Los últimos tres minutos: conjeturas acerca del destino final del Universo 
300 |a 175 p 
942 |c BK 
945 |d 20011018 00:00:00  |a cmena 
260 |a Madrid  |b Debate  |c 2001 
650 0 |a Universo  |9 266563 
650 7 |a FIN DEL UNIVERSO  |2 CL-VaPUC  |9 463227 
650 0 |a Filosofía de las ciencias  |9 256466 
650 0 |a Astronomía  |9 260985 
583 |a last modification  |c 20011018 00:00:00  |k Rodrigo Vera 
490 0 |a Pensamiento 
999 |c 297701  |d 297699 
952 |0 0  |1 0  |4 0  |6 523_190000000000000_DAV_2001  |7 0  |8 A  |9 352639  |a BIBCUR  |b BIBCUR  |d 2019-11-21  |i 3747638  |l 2  |m 2  |o 523.19 DAV 2001  |p 3747638  |r 2025-04-22  |s 2023-11-14  |w 2019-11-21  |y BK  |k FIS 
952 |0 0  |1 0  |4 0  |6 523_190000000000000_DAV_2001  |7 0  |8 A  |9 352640  |a BIBMAT  |b BIBMAT  |d 2019-11-21  |i 3785181  |o 523.19 DAV 2001  |p 3785181  |r 2025-01-07  |w 2019-11-21  |y BK  |k MAT